| 000 | 00659nam a2200217 i 4500 | ||
|---|---|---|---|
| 001 | 29116 | ||
| 003 | ES-MaACL | ||
| 005 | 20230906153957.0 | ||
| 007 | t| | ||
| 008 | 030121s1974 sp ||||1| spa d | ||
| 100 | 1 |
_aBarbero, Abilio. _925432 |
|
| 245 | 1 | 0 |
_aSobre los orĂgenes sociales de la reconquista / _cAbilio Barbero y Marcelo Vigil. |
| 260 |
_aBarcelona : _bAriel, _c[1974] |
||
| 300 |
_a197 p. : _b3 map. ; _c18 cm. |
||
| 490 | 1 |
_aAriel quincenal ; _v91 |
|
| 700 | 1 |
_aVigil, Marcelo. _9114630 |
|
| 830 | 0 |
_aAriel quincenal ; _v91 _9180806 |
|
| 852 |
_aES-MaACL _jE-5479 _bR.89641 |
||
| 852 |
_aES-MaACL _jA-9675 _bR.98971 |
||
| 999 |
_c29116 _d29116 |
||